| 000 | 00520nam a2200193Ia 4500 | ||
|---|---|---|---|
| 005 | 20250326143243.0 | ||
| 008 | 250326s9999 xx 000 0 und d | ||
| 020 | _a0-07-140231-4 | ||
| 037 | _aTextbook | ||
| 040 |
_aFMSL _beng _cFMSL |
||
| 041 |
_aeng _2eng |
||
| 084 |
_aX65 P2 _qFMSL |
||
| 100 |
_aJean-jacques J D _9747713 |
||
| 245 | 0 |
_aFive keys to value investing _cJean-jacques J D |
|
| 260 |
_aN _bN, Y McGraw Hill _c2002 |
||
| 300 | _a235p | ||
| 942 |
_cTB _hX65 P2 |
||
| 999 |
_c1298793 _d1298793 |
||